THE AMERICAN JOURNAL OF PUBLIC HEALTH (Record no. 18909)

MARC details
000 -LEADER
fixed length control field 00198nam a22000977a 4500
003 - CONTROL NUMBER IDENTIFIER
control field SGT
245 ## - TITLE STATEMENT
Title THE AMERICAN JOURNAL OF PUBLIC HEALTH
260 ## - PUBLICATION, DISTRIBUTION, ETC. (IMPRINT)
Name of publisher, distributor, etc APHA AMERICA
300 ## - PAGE DESCRIPTION
No. of Pages 827
942 ## - ADDED ENTRY ELEMENTS (KOHA)
Source of classification or shelving scheme Dewey Decimal Classification
Koha item type Back Volumes
Holdings
Withdrawn status Lost status Source of classification or shelving scheme Damaged status Not for loan Collection code Home library Current library Shelving location Date acquired Volume Information (Serial or Books or Non-Book Material) SGTU Total Checkouts Accession No. (Barcode) Date last seen Bill Date Koha item type
    Dewey Decimal Classification   Not For Loan MEDICAL SGT Medical Library SGT Medical Library Reference Book 19/08/2019 2013, VOL- 103 SGTU   PM195 19/08/2019 19/08/2019 Back Volumes